Mliečny projekt: čo sa vlečie, nepotečie-

Podrobná bibliografia
Hlavný autor: Lettrich, Roman (Autor)
Médium: Článok
Jazyk:slovenčina
ISSN:1335-440X
Predmet:

MARC

LEADER 00000nab a2200000 ar4500
001 vtls009091596
003 SK-MaSNL
005 20260426070921.0
008 070905c20070817xo |||||||||||000 b|slo
015 |a SNBRB2007/09  |2 snkbucl 
038 |a SNKBUCL 
040 |a SNKBUCL  |b slo  |c SNKBUCL  |e AACR2 
041 0 |a slo 
044 |a xo  |c SK 
080 |a 338.439.63  |x (437.6)  |2 1997 
080 |a 637.1  |x (437.6)  |2 1997 
100 1 |a Lettrich, Roman  |4 aut  |9 856760 
245 1 0 |a Mliečny projekt: čo sa vlečie, nepotečie-  |c Roman Lettrich 
650 0 7 |a mlieko  |2 snkbucl  |9 3942 
650 0 7 |a spotreba potravín  |2 snkbucl  |9 49993 
650 0 7 |a projekty  |2 snkbucl  |9 18866 
651 7 |a Slovensko  |2 snkbucl  |9 14231 
773 0 |t Sme. Roľnícke noviny  |g Č. 190 (17.8.2007)  |x 1335-440X 
773 0 8 |i Príl.:  |t Roľnícke noviny  |g Č. 33 (17.8.2007), s. 1 a 5 
852 |a SNK  |b KIS3GCP 
958 |a SK 
999 |c 2672565  |d 2674495